Find the odd logo out #3 - Statistics

General Stats
  • This quiz has been taken 188 times
  • The average score is 4 of 10
Answer Stats
Question Answer % Correct
Athleisure and outdoor wear manufacturers
51%
Car manufacturers
47%
Professional sports leagues
47%
Logos featuring the Alps
40%
3D graphics and modelling software
38%
Manufacturers of Graphics Processing Units
33%
Cricket equipment brands
33%
Part of Sports Network logo
27%
Non alcoholic 'C'
22%
American film production companies
20%
No matching quizzes found
Score Distribution
Percent of People with Each Score
Percentile by Number Answered
Your Score History
You have not taken this quiz